000 00482nam a2200181Ia 4500
005 20250326142607.0
008 250326s9999 xx 000 0 und d
037 _aTextbook
040 _aFMSL
_beng
_cFMSL
041 _aeng
_2eng
084 _qFMSL
100 _aIndia (govt. Of.......)
245 0 _aEconomic Survey 1992-93
_cIndia (govt. Of.......)
260 _aDelhi
_bDelhi, Government of India
_c1992
300 _a278p
942 _cTB
999 _c1295745
_d1295745